00305nam a2200085Ia 4500008004100000041000800041100002300049245009600072260005100168241105s9999 xx 000 0 und d aeng aBardapurkar Sayali aReshaping The Industrial Horizon: Empowering Users In The Pursuits Of Ecology & Environment bBNCA M Arch Landscape ArchitectureaPunec2023